000 00986nam a2200265 a 4500
001 BRCA_4179
005 20190320204556.0
008 300410s1952----sp-a######---#000-0#spa-#
041 _aspa
044 _asp
050 4 _aNK4123
_b.G66 2
_c1952
100 1 _aGonzález Martí, Manuel
_97220
245 1 0 _aCerámica del levante español
_bsiglos medievales
_cpor Manuel González Martí.
260 _aEspaña
_bLabor
_c1952
300 _axiv, 737 p. (v.2)
_bil. (algunas a color)
_c28 cm.
500 _aIncluye índice bibliográfico, índice de archivos, bibliotecas y museos, índice de azulejeros y ladrilleros, índice cronológico, índice onomástico, índice toponímico y vocabulario cerámico
500 _aEjemplar igual a A4 v.2
500 _aA112
505 0 _aContenido: v.2. Alicatados y azulejos
650 1 4 _aAzulejos españoles
_97221
650 1 4 _aCerámica
_xHistoria
_zEspaña
_92051
650 1 4 _aCerámica
_xMedieval
_97222
902 _aGFM
942 _2lcc
_cB
999 _c3895
_d3895